[Event "BCF-chT 2425 (4NCL)"]
[Site "England"]
[Date "2024.11.23"]
[Round "1.67"]
[White "Hng, Mei En Emmanuelle"]
[Black "Swanson, Stephen"]
[Result "0-1"]
[WhiteElo "2135"]
[BlackElo "2143"]
[PlyCount "88"]
[EventDate "2024.11.23"]
[EventType "team-swiss"]
[EventRounds "11"]
[EventCountry "ENG"]
[SourceTitle "CB48_2024"]
[SourceDate "2024.11.28"]
[SourceVersion "1"]
[SourceVersionDate "2024.11.28"]
[SourceQuality "1"]
[WhiteTeam "Barbican"]
[BlackTeam "Alba"]
[WhiteTeamCountry "ENG"]
[BlackTeamCountry "ENG"]

1. e4 d6 2. d4 g6 3. Bd3 Bg7 4. Nf3 e5 5. c3 Nc6 6. Bg5 f6 7. Be3 Nh6 8. h3 Nf7 9. 0-0 0-0 10. Bc4 Qe7 11. Nbd2 Kh8 12. Re1 Ncd8 13. b4 b6 14. a4 a5 15. bxa5 Rxa5 16. Nb3 exd4 17. cxd4 Rh5 18. Bd2 Ng5 19. Nxg5 fxg5 20. Bf1 Ne6 21. Be3 Nf4 22. f3 Be6 23. a5 bxa5 24. Rxa5 Qf7 25. d5 Bxh3 26. gxh3 Nxh3+ 27. Bxh3 Rxh3 28. Nd4 g4 29. Ra2 gxf3 30. Ne6 Qe7 31. Bg5 Rg3+ 32. Kf1 Rxg5 33. Nxf8 Qxf8 34. Re3 Rg3 35. Raa3 Qc8 36. Rxf3 Qh3+ 37. Ke2 Qg2+ 38. Ke1 Qh1+ 39. Ke2 Rg2+ 40. Rf2 Rxf2+ 41. Kxf2 Qxd1 42. Ra8+ Bf8 43. Rxf8+ Kg7 44. Rc8 Qc1 0-1

[Event "UK Blitz Women) Final"]
[Site "Leamington Spa"]
[Date "2024.11.16"]
[Round "5"]
[White "Hng, Mei En Emmanuelle"]
[Black "Bahtiyorova, Nodirabegim"]
[Result "1/2-1/2"]
[WhiteElo "2135"]
[BlackElo "1712"]
[PlyCount "24"]
[EventDate "2024.11.16"]
[EventType "tourn (blitz)"]
[EventRounds "15"]
[EventCountry "ENG"]
[SourceTitle "CB47_2024"]
[SourceDate "2024.11.20"]
[SourceVersion "1"]
[SourceVersionDate "2024.11.20"]
[SourceQuality "1"]

1. e4 e5 2. Nf3 Nf6 3. Nxe5 Nxe4 4. Qe2 Qe7 5. Qxe4 d6 6. d4 dxe5 7. dxe5 Nc6 8. Bb5 Bd7 9. 0-0 0-0-0 10. Bf4 g5 11. Bg3 f5 12. Qa4 f4 1/2-1/2

[Event "UK Blitz Women) Final"]
[Site "Leamington Spa"]
[Date "2024.11.16"]
[Round "13"]
[White "Hng, Mei En Emmanuelle"]
[Black "Williams, Ana"]
[Result "1-0"]
[WhiteElo "2135"]
[BlackElo "1946"]
[PlyCount "57"]
[EventDate "2024.11.16"]
[EventType "tourn (blitz)"]
[EventRounds "15"]
[EventCountry "ENG"]
[SourceTitle "CB47_2024"]
[SourceDate "2024.11.20"]
[SourceVersion "1"]
[SourceVersionDate "2024.11.20"]
[SourceQuality "1"]

1. Nf3 c5 2. c4 Nc6 3. g3 Nf6 4. Bg2 e6 5. 0-0 d5 6. cxd5 exd5 7. d4 Bf5 8. Nc3 Be7 9. dxc5 Bxc5 10. Bg5 0-0 11. Nxd5 Qxd5 12. Bxf6 Qxd1 13. Raxd1 gxf6 14. Rd5 Bxf2+ 15. Rxf2 Be4 16. Rd7 Rad8 17. Rxb7 Rd1+ 18. Rf1 Rfd8 19. Rc7 Rxf1+ 20. Kxf1 Rd1+ 21. Kf2 Bxf3 22. Bxf3 Ne5 23. Rxa7 Rd2 24. b3 Kf8 25. h3 Ke8 26. Ke3 Rb2 27. Bd5 Rc2 28. a4 Rc5 29. Ke4 1-0

[Event "Vlissingen HZ op 26th"]
[Site "Vlissingen"]
[Date "2024.08.07"]
[Round "6"]
[White "Larsen, Harald"]
[Black "Hng, Mei En Emmanuelle"]
[Result "0-1"]
[WhiteElo "1961"]
[BlackElo "2145"]
[PlyCount "78"]
[EventDate "2024.08.03"]
[EventType "swiss"]
[EventRounds "9"]
[EventCountry "NED"]
[SourceTitle "CBM 221 Extra"]
[Source "ChessBase"]
[SourceDate "2024.09.30"]
[SourceVersion "1"]
[SourceVersionDate "2024.09.30"]
[SourceQuality "1"]

1. e4 d6 2. d4 Nf6 3. Nc3 g6 4. Nf3 Bg7 5. Be2 0-0 6. 0-0 a6 7. a4 b6 8. Re1 Bb7 9. Bf1 Nbd7 10. h3 c5 11. d5 Qc7 12. Bf4 Nh5 13. Bh2 Rad8 14. g4 Nhf6 15. Bc4 h5 16. e5 Nxe5 17. Nxe5 dxe5 18. Bxe5 Qd7 19. Qf3 hxg4 20. hxg4 Nxg4 21. Bxg7 Kxg7 22. Rad1 Rh8 23. Ne4 Nf6 24. Nxf6 exf6 25. Re3 b5 26. axb5 axb5 27. Bxb5 Qxb5 28. Rb3 Qa6 29. Ra3 Qd6 30. c4 Ba6 31. Rc3 Rh5 32. Qe4 Re5 33. Qf3 Rde8 34. b3 Rg5+ 35. Kf1 Qh2 36. Re3 Rxe3 37. Qxe3 Bc8 38. Qe4 Re5 39. Qf3 Bh3+ 0-1

[Event "Vlissingen HZ op 26th"]
[Site "Vlissingen"]
[Date "2024.08.06"]
[Round "5"]
[White "Hng, Mei En Emmanuelle"]
[Black "Oostvogels, Niek"]
[Result "1/2-1/2"]
[WhiteElo "2145"]
[BlackElo "1960"]
[PlyCount "119"]
[EventDate "2024.08.03"]
[EventType "swiss"]
[EventRounds "9"]
[EventCountry "NED"]
[SourceTitle "CBM 221 Extra"]
[Source "ChessBase"]
[SourceDate "2024.09.30"]
[SourceVersion "1"]
[SourceVersionDate "2024.09.30"]
[SourceQuality "1"]

1. e4 e6 2. d4 d5 3. Nc3 dxe4 4. Nxe4 Nd7 5. Nf3 Ngf6 6. Bg5 Be7 7. Nxf6+ Nxf6 8. Bxf6 Bxf6 9. c3 Bd7 10. Qb3 Qc8 11. Bb5 c6 12. Bd3 Qc7 13. 0-0 0-0 14. Qc2 g6 15. Rad1 Rad8 16. Be4 e5 17. dxe5 Bxe5 18. Nxe5 Qxe5 19. Rfe1 Qg5 20. Bf3 Bg4 21. Bxg4 Qxg4 22. h3 Qg5 23. Qe2 Rxd1 24. Rxd1 Rd8 25. Rxd8+ Qxd8 26. g3 Qd7 27. h4 c5 28. h5 Kg7 29. hxg6 Kxg6 30. Qe4+ f5 31. Qc4 b6 32. Qg8+ Kf6 33. Qf8+ Kg6 34. Qg8+ Kf6 35. Qa8 Qe7 36. Kf1 Qd7 37. Qh8+ Kg6 38. Qg8+ Kf6 39. Qf8+ Kg6 40. Qg8+ Kf6 41. Kg2 Qb7+ 42. Kf1 Qd7 43. c4 Qd3+ 44. Kg2 Qe4+ 45. Kh2 Qf3 46. Kg1 Qd1+ 47. Kg2 Qd7 48. f4 Qg7 49. Qb8 Qe7 50. Qh8+ Qg7 51. Qe8 Qe7 52. Qh5 Qg7 53. b3 Qg6 54. Qh4+ Kg7 55. Qe7+ Qf7 56. Qg5+ Qg6 57. Qd8 Qe6 58. Qg5+ Qg6 59. Qd8 Qe6 60. Qg5+ 1/2-1/2

[Event "Vlissingen HZ op 26th"]
[Site "Vlissingen"]
[Date "2024.08.05"]
[Round "4"]
[White "Haak, Eelco"]
[Black "Hng, Mei En Emmanuelle"]
[Result "1/2-1/2"]
[WhiteElo "1974"]
[BlackElo "2145"]
[PlyCount "86"]
[EventDate "2024.08.03"]
[EventType "swiss"]
[EventRounds "9"]
[EventCountry "NED"]
[SourceTitle "CBM 221 Extra"]
[Source "ChessBase"]
[SourceDate "2024.09.30"]
[SourceVersion "1"]
[SourceVersionDate "2024.09.30"]
[SourceQuality "1"]

1. d4 Nf6 2. c4 e6 3. Nc3 c5 4. d5 exd5 5. cxd5 d6 6. e4 g6 7. f4 Bg7 8. Bb5+ Nfd7 9. a4 0-0 10. Nf3 Na6 11. 0-0 Nb4 12. f5 a6 13. Bxd7 Bxd7 14. Bg5 f6 15. Bf4 Qc7 16. fxg6 hxg6 17. Qd2 b5 18. Bh6 c4 19. Nd4 Rae8 20. axb5 axb5 21. Ncxb5 Qc5 22. Bxg7 Kxg7 23. Nc3 Nd3 24. Qe3 f5 25. Ra7 Rf7 26. Rxd7 Rxd7 27. Ne6+ Rxe6 28. Qxc5 dxc5 29. dxe6 Re7 30. exf5 gxf5 31. Rxf5 Rxe6 32. g3 Kg6 33. Rd5 Rb6 34. Na4 Rb4 35. Nxc5 Nxb2 36. Ne4 Nd3 37. h4 Rb2 38. Rg5+ Kh6 39. Nf6 Rb6 40. Nd5 Rb3 41. Ne3 c3 42. Ng4+ Kh7 43. Nf6+ Kh6 1/2-1/2

[Event "Vlissingen HZ op 26th"]
[Site "Vlissingen"]
[Date "2024.08.04"]
[Round "3"]
[White "Hng, Mei En Emmanuelle"]
[Black "De Boer, Eelke"]
[Result "0-1"]
[WhiteElo "2145"]
[BlackElo "2384"]
[PlyCount "68"]
[EventDate "2024.08.03"]
[EventType "swiss"]
[EventRounds "9"]
[EventCountry "NED"]
[SourceTitle "CBM 221 Extra"]
[Source "ChessBase"]
[SourceDate "2024.09.30"]
[SourceVersion "1"]
[SourceVersionDate "2024.09.30"]
[SourceQuality "1"]

1. Nf3 d5 2. c4 e6 3. d4 Nf6 4. Bg5 dxc4 5. e3 b5 6. a4 c6 7. Nc3 Bb4 8. Be2 Nbd7 9. 0-0 Qb6 10. Qc2 h6 11. Bh4 Bb7 12. b3 g5 13. Bg3 cxb3 14. Qxb3 Bxc3 15. Qxc3 Ne4 16. Qd3 Nxg3 17. fxg3 a6 18. Qa3 Qd8 19. h4 Qc7 20. Ne5 Nxe5 21. dxe5 Qxe5 22. Rxf7 Kxf7 23. Rd1 Rh7 24. Bh5+ Kg8 25. Bg6 Rg7 26. h5 c5 27. Qd3 Rf8 28. axb5 axb5 29. Kh2 c4 30. Qb1 Bc6 31. e4 Rxg6 32. hxg6 Qxe4 33. Qa2 Qxg6 34. Re1 Bd5 0-1

[Event "Dutch op"]
[Site "Velp"]
[Date "2024.07.24"]
[Round "2"]
[White "Stillger, Bernhard"]
[Black "Hng, Mei En Emmanuelle"]
[Result "1/2-1/2"]
[WhiteElo "2263"]
[BlackElo "2144"]
[PlyCount "104"]
[EventDate "2024.07.23"]
[EventType "swiss"]
[EventRounds "9"]
[EventCountry "NED"]
[SourceTitle "EXT 2025"]
[Source "ChessBase"]
[SourceDate "2024.10.14"]
[SourceVersion "1"]
[SourceVersionDate "2024.10.14"]
[SourceQuality "1"]

1. d4 Nf6 2. c4 e6 3. Nf3 c5 4. d5 exd5 5. cxd5 d6 6. Nc3 g6 7. h3 Bg7 8. e4 0-0 9. Bd3 a6 10. a4 Re8 11. 0-0 Nbd7 12. Re1 Qc7 13. Bf4 Nh5 14. Bh2 b6 15. Qc2 Bb7 16. Be2 Bh6 17. Bf1 Bg7 18. Rad1 Ne5 19. Be2 Kh8 20. Nd2 Bh6 21. Nc4 Nxc4 22. Bxc4 Bf4 23. Bxf4 Nxf4 24. Qd2 Nh5 25. Re3 Re5 26. Ne2 Rae8 27. Qd3 Qe7 28. Bxa6 Bxa6 29. Qxa6 Rxe4 30. Rxe4 Qxe4 31. Nc3 Qe5 32. Qxb6 Nf4 33. Qb5 Kg7 34. Qf1 Rb8 35. g3 Rxb2 36. Rc1 Nxd5 37. Nxd5 Qxd5 38. Rd1 Qe5 39. Qd3 Ra2 40. Qxd6 Qxd6 41. Rxd6 Rxa4 42. Rc6 Rc4 43. h4 h5 44. Kg2 Rc3 45. Kf1 Rc2 46. Kg2 c4 47. Kf3 c3 48. Ke3 Rc1 49. Kd3 Rd1+ 50. Ke3 Rc1 51. Kd3 Rd1+ 52. Ke3 Rc1 1/2-1/2

[Event "South Wales op 19th"]
[Site "Bridgend"]
[Date "2024.07.10"]
[Round "9"]
[White "Wells, Peter K"]
[Black "Hng, Mei En Emmanuelle"]
[Result "1-0"]
[WhiteElo "2364"]
[BlackElo "2144"]
[PlyCount "129"]
[EventDate "2024.07.05"]
[EventType "swiss"]
[EventRounds "9"]
[EventCountry "WLS"]
[SourceTitle "CBM 221 Extra"]
[Source "ChessBase"]
[SourceDate "2024.09.30"]
[SourceVersion "1"]
[SourceVersionDate "2024.09.30"]
[SourceQuality "1"]

1. d4 Nf6 2. Bg5 c5 3. Bxf6 gxf6 4. d5 Qb6 5. Qc1 d6 6. e3 Bg7 7. c4 f5 8. Nc3 Na6 9. a3 Bd7 10. Qc2 0-0-0 11. Bd3 Rhg8 12. Nge2 e6 13. 0-0 Kb8 14. Rab1 Rc8 15. Qd2 Qd8 16. b4 cxb4 17. axb4 h5 18. Rfd1 Qg5 19. g3 h4 20. c5 hxg3 21. fxg3 Bh6 22. c6 Qxe3+ 23. Qxe3 Bxe3+ 24. Kf1 Be8 25. cxb7 Kxb7 26. Bxa6+ Kxa6 27. dxe6 fxe6 28. Rxd6+ Kb7 29. Rxe6 f4 30. Nd5 Bg6 31. Rd1 Bf5 32. Re7+ Kb8 33. Nxe3 fxe3 34. Rxe3 Bh3+ 35. Kg1 Rc2 36. Nf4 Bg4 37. Rde1 Rg5 38. Nd3 Rd5 39. h4 Bf5 40. Nf2 Rdd2 41. Rf3 Bd7 42. h5 Bc6 43. Rf8+ Kc7 44. h6 Rd7 45. g4 Rc3 46. Kh2 Rd6 47. g5 Rd4 48. Re7+ Kb6 49. Rb8+ Ka6 50. b5+ Bxb5 51. Rxb5 Kxb5 52. h7 Rh4+ 53. Kg2 a5 54. g6 Rc6 55. Re5+ Kb6 56. Rg5 Rxg6 57. Rxg6+ Kb5 58. Rg7 a4 59. Kg3 Rh5 60. Kg4 Rh6 61. Rg5+ Kb4 62. Rh5 Rxh7 63. Rxh7 a3 64. Ra7 Kb3 65. Nd3 1-0

[Event "South Wales op 19th"]
[Site "Bridgend"]
[Date "2024.07.05"]
[Round "2"]
[White "Han, Yichen"]
[Black "Hng, Mei En Emmanuelle"]
[Result "1-0"]
[WhiteElo "2414"]
[BlackElo "2144"]
[PlyCount "63"]
[EventDate "2024.07.05"]
[EventType "swiss"]
[EventRounds "9"]
[EventCountry "WLS"]
[SourceTitle "CBM 221 Extra"]
[Source "ChessBase"]
[SourceDate "2024.09.30"]
[SourceVersion "1"]
[SourceVersionDate "2024.09.30"]
[SourceQuality "1"]

1. e4 d6 2. d4 Nf6 3. Nc3 g6 4. Be3 Bg7 5. Qd2 c6 6. Nf3 0-0 7. Bh6 b5 8. a3 Qc7 9. h4 Nbd7 10. h5 e5 11. d5 Bxh6 12. Qxh6 Ng4 13. Qd2 Ndf6 14. hxg6 fxg6 15. dxc6 a6 16. Nd5 Nxd5 17. Qxd5+ Kg7 18. Rd1 Rd8 19. Be2 Nf6 20. Qd2 Qxc6 21. Qh6+ Kg8 22. Nxe5 Qxe4 23. Nf3 Ra7 24. Rd2 Re7 25. 0-0 Bb7 26. Qg5 Nh5 27. Bd3 Qe6 28. Re2 Qxe2 29. Bxe2 Rde8 30. Nd4 Re5 31. Qd2 Nf6 32. Bf3 1-0

[Event "British Rapidplay"]
[Site "Peterborough"]
[Date "2024.03.02"]
[Round "4"]
[White "Hng, Mei En Emmanuelle"]
[Black "White, Stuart A"]
[Result "1-0"]
[WhiteElo "2139"]
[BlackElo "2020"]
[PlyCount "60"]
[EventDate "2024.03.02"]
[EventType "swiss (rapid)"]
[EventRounds "11"]
[EventCountry "ENG"]
[SourceTitle "CBM 219 Extra"]
[Source "ChessBase"]
[SourceDate "2024.05.31"]
[SourceVersion "1"]
[SourceVersionDate "2024.05.31"]
[SourceQuality "1"]

1. Nf3 d5 2. c4 c6 3. d4 Nf6 4. Nc3 dxc4 5. e4 b5 6. e5 Nd5 7. a4 e6 8. Be2 Bb7 9. 0-0 Nd7 10. Ne4 a6 11. Bg5 Qc7 12. Rc1 h6 13. Bd2 Be7 14. b3 cxb3 15. Qxb3 Qb6 16. Bd3 0-0 17. Bb1 Rfc8 18. Qc2 Nf8 19. Nc5 b4 20. Nd7 Qa5 21. Nxf8 Kxf8 22. Qh7 Ke8 23. Qxg7 Kd7 24. Bxh6 c5 25. dxc5 Rxc5 26. Qxf7 Rac8 27. Rcd1 b3 28. Nd4 Qb6 29. Bg5 Rf8 30. Qh7 Qd8 1-0

[Event "UK-ch Blitz-B"]
[Site "Leamington Spa"]
[Date "2023.12.02"]
[Round "11.6"]
[White "Hng, Mei En Emmanuelle"]
[Black "Bhatia, Kanishka"]
[Result "1-0"]
[WhiteElo "2017"]
[BlackElo "1768"]
[PlyCount "71"]
[EventDate "2023.12.02"]
[EventType "tourn (blitz)"]
[EventRounds "15"]
[EventCountry "ENG"]
[SourceTitle "CBM 217 Extra"]
[Source "ChessBase"]
[SourceDate "2024.01.31"]
[SourceVersion "1"]
[SourceVersionDate "2024.01.31"]
[SourceQuality "1"]

1. e4 e6 2. d4 d5 3. Nc3 dxe4 4. Nxe4 Nd7 5. Nf3 Ngf6 6. Nxf6+ Nxf6 7. Bd3 Be7 8. 0-0 0-0 9. Qe2 b6 10. c3 h6 11. Bf4 Bb7 12. Rad1 Nd5 13. Bg3 Bd6 14. Ne5 c5 15. c4 Nb4 16. dxc5 bxc5 17. Bb1 Qc7 18. a3 Nc6 19. Qd3 g6 20. Qxd6 Qb6 21. Nd7 Qa6 22. Nxf8 Rxf8 23. Qxc5 Ba8 24. f3 Rc8 25. Qb5 Qxb5 26. cxb5 Na5 27. Be4 Bxe4 28. fxe4 Nb3 29. Be5 h5 30. Rd3 Na5 31. Rd7 Nc4 32. Bc3 Nb6 33. Rdxf7 Nc4 34. Rg7+ Kh8 35. Rc7+ Kg8 36. Rxc8+ 1-0

[Event "UK-ch Blitz-B"]
[Site "Leamington Spa"]
[Date "2023.12.02"]
[Round "6.1"]
[White "Hng, Mei En Emmanuelle"]
[Black "Briggs, Irina"]
[Result "1-0"]
[WhiteElo "2017"]
[BlackElo "1560"]
[PlyCount "43"]
[EventDate "2023.12.02"]
[EventType "tourn (blitz)"]
[EventRounds "15"]
[EventCountry "ENG"]
[SourceTitle "CBM 217 Extra"]
[Source "ChessBase"]
[SourceDate "2024.01.31"]
[SourceVersion "1"]
[SourceVersionDate "2024.01.31"]
[SourceQuality "1"]

1. e4 e5 2. Nf3 Nc6 3. Bb5 d6 4. 0-0 Nf6 5. Re1 Be7 6. h3 0-0 7. d3 h6 8. Nbd2 a6 9. Ba4 b5 10. Bb3 Na5 11. Nf1 Nxb3 12. axb3 Bb7 13. Ng3 Nh7 14. Nf5 Bc8 15. Ne3 Bb7 16. Bd2 Rc8 17. Nf5 Qd7 18. Nh2 Nf6 19. Ng4 Nxg4 20. Qxg4 g5 21. Nxh6+ Kh7 22. Qxd7 1-0

[Event "Titled Tuesday intern op 08th Aug Late"]
[Site "Chess.com INT"]
[Date "2023.08.08"]
[Round "5"]
[White "Hng, Mei En Emmanuelle"]
[Black "Gabdushev, Ruslan"]
[Result "0-1"]
[WhiteElo "2092"]
[BlackElo "2256"]
[PlyCount "144"]
[EventDate "2023.08.08"]
[EventType "swiss (blitz)"]
[EventRounds "11"]
[EventCountry "USA"]
[SourceTitle "EXT 2024"]
[Source "ChessBase"]
[SourceDate "2023.10.10"]
[SourceVersion "1"]
[SourceVersionDate "2023.10.10"]
[SourceQuality "1"]

1. e4 Nc6 2. Bc4 e6 3. d4 d5 4. exd5 exd5 5. Be2 Bf5 6. Nf3 Bd6 7. 0-0 Nge7 8. h3 f6 9. Re1 Qd7 10. Nc3 a6 11. a3 0-0 12. Be3 Rfe8 13. Qd2 Be6 14. Bf4 Ng6 15. Bxd6 Qxd6 16. Bf1 Nf4 17. Re3 Bf7 18. Rae1 g5 19. g3 Ng6 20. Bg2 Rxe3 21. Rxe3 Nce7 22. Re1 c6 23. Na4 h6 24. Nc5 b6 25. Nd3 Rc8 26. h4 Kg7 27. Bh3 Rc7 28. Nb4 a5 29. Nd3 a4 30. h5 Nf8 31. g4 Ne6 32. Bg2 c5 33. dxc5 bxc5 34. c3 d4 35. cxd4 cxd4 36. Rc1 Rxc1+ 37. Qxc1 Nd5 38. Nd2 Nef4 39. Nxf4 Nxf4 40. Ne4 Ne2+ 41. Kf1 Nxc1 42. Nxd6 Nd3 43. Bc6 Nxb2 44. Nf5+ Kf8 45. Nxd4 Bc4+ 46. Kg2 Ke7 47. Nf5+ Ke6 48. Nxh6 Ke5 49. Nf5 Kf4 50. Bf3 Bg8 51. h6 Nc4 52. Bc6 Kxg4 53. Ne7 Bh7 54. Bxa4 Nxa3 55. Be8 Nc4 56. Bg6 Bxg6 57. Nxg6 Nd6 58. h7 Nf7 59. h8Q Nxh8 60. Nxh8 f5 61. Ng6 f4 62. Ne5+ Kf5 63. Kf3 Kxe5 64. Kg4 Kf6 65. f3 Kg6 66. Kh3 Kh5 67. Kg2 Kh4 68. Kh2 Kh5 69. Kh3 Kg6 70. Kg4 Kf6 71. Kh5 Kf5 72. Kh6 g4 0-1

[Event "Titled Tuesday intern op 08th Aug Late"]
[Site "Chess.com INT"]
[Date "2023.08.08"]
[Round "8"]
[White "Hng, Mei En Emmanuelle"]
[Black "Karas, Marek"]
[Result "1-0"]
[WhiteElo "2092"]
[BlackElo "2208"]
[PlyCount "131"]
[EventDate "2023.08.08"]
[EventType "swiss (blitz)"]
[EventRounds "11"]
[EventCountry "USA"]
[SourceTitle "EXT 2024"]
[Source "ChessBase"]
[SourceDate "2023.10.10"]
[SourceVersion "1"]
[SourceVersionDate "2023.10.10"]
[SourceQuality "1"]

1. e4 c5 2. d4 cxd4 3. c3 d3 4. Bxd3 Nc6 5. Bc4 d6 6. Nf3 e6 7. 0-0 Nf6 8. Qe2 Be7 9. Rd1 Qc7 10. a4 a6 11. Na3 0-0 12. h3 Ne5 13. Nxe5 dxe5 14. Bb3 Bd7 15. Nc4 Bc6 16. Bc2 Rfd8 17. Be3 Rxd1+ 18. Rxd1 b5 19. Nb6 Rd8 20. axb5 axb5 21. Rxd8+ Qxd8 22. c4 b4 23. f3 Qf8 24. Ba4 Bb7 25. Bb5 Bc5 26. Qf2 Bxe3 27. Qxe3 h6 28. c5 Ne8 29. c6 Nc7 30. Nd7 Qa8 31. cxb7 Qxb7 32. Ba4 f6 33. b3 Na6 34. Qb6 Qxb6+ 35. Nxb6 Kf7 36. Kf2 Ke7 37. Ke3 Kd6 38. Kd3 Kc5 39. Nd7+ Kd6 40. Nf8 g5 41. Kc4 f5 42. Ng6 Nc5 43. Kxb4 fxe4 44. fxe4 Nxe4 45. Kc4 Nd2+ 46. Kd3 Nf1 47. b4 Ng3 48. Bb3 e4+ 49. Ke3 e5 50. Nf8 Nf5+ 51. Kxe4 Nd4 52. Bc4 Nc2 53. b5 Nd4 54. Bd3 Nb3 55. Ng6 Nc5+ 56. Ke3 Ne6 57. Be4 Nc5 58. b6 Nd7 59. b7 Kc7 60. Ne7 Nb6 61. Nf5 Nc4+ 62. Kf3 Nd2+ 63. Ke3 Nc4+ 64. Kd3 Na5 65. Nxh6 Nb3 66. Ke3 1-0